00455 2200181 4500001002100000005001500021008004100036020001800077035001900095041000700114082000800121090001400129100003100143245002400174260003200198300002900230650001400259INLIS00000000000046920241224112158241224||||||||| | ||| |||| || |  a979-518-699-X 0010-1224000469 aid0 a310 a310 MAN p0 aH. Soegyarto Mangkuatmodjo00aPengantar Statistik aJakartabRineka Ciptac1997 ax, 210 hlm; ilus; 20,5cm 0astatistik